Sports Quiz

Random Sports or NFL Quiz
Score 0/40 Timer 06:00
1 Play Today
Person(s) A Overlapping Name % Correct
BillyJoe
89.9%
RichMichael
89.8%
BobMike
87.4%
Damariay, DavonDrew
87%
LeoPeyton
86%
Arthur, Brandon, BudMarshall
84.7%
'Jeep'Brett
84.7%
Carlos, HarryCarson
84%
Chris, GerardWarren
83.8%
Carver, JohnShannon
82%
Bill, DonaldFrank
81.2%
Deion, FrankSanders
78.3%
Brady, EdgerrinJames
78.1%
'Night Train'Lane
76.4%
JamaalCharles
75.8%
Kyle, TomBrady
74.4%
Eddie, JeffGeorge
73.6%
Derrick, ThurmanThomas
73.1%
Anthony, JohnnyLynn
72%
Joe, Ken, KevinWalter
71.9%
Person(s) A Overlapping Name % Correct
AdamBob
69.4%
Davin, JonathanJoseph
67.4%
JimDavid
63.7%
Aundray, IsaacBruce
63.4%
Al, PaulBarry
61.6%
Andre, EdReed
58.8%
Chester, LawrenceTaylor
55.7%
Glen (Ray)Hines
53.6%
Canute, MikeCurtis
51.6%
Jared, MarcusAllen
46.7%
Don, NilesPaul
46.4%
LouMark
44%
Ken, OttisAnderson
41%
Andrew, La'RoiGlover
40.6%
Anthony, Chris, TravisHenry
31.4%
LarryAsante
30.6%
David, LaMarrWoodley
20.8%
Jorrick, TomCalvin
13.1%
TonyDorsett
9.7%
Bill, Bobby, Brice, JackButler
8.5%
Remove Ads.
Support Sporcle.
Get the best of Sporcle when you Go Orange. This ad-free experience offers more features, more stats, and more fun while also helping to support Sporcle. Thank you for becoming a member.

You're not logged in!

Compare scores with friends on all Sporcle quizzes.
OR
Log In

Sporcle TV

Today on Sporcle TV


Watch our educational content, quiz creation guides, and fun videos on Sporcle TV.

Show Comments

Extras

Top Quizzes Today


Score Distribution

Paid Content

Your Account Isn't Verified!

In order to create a playlist on Sporcle, you need to verify the email address you used during registration. Go to your Sporcle Settings to finish the process.

Report this User

Report this user for behavior that violates our Community Guidelines.

Details: